| 000 | 01411nam0a2200349 4500 | ||
|---|---|---|---|
| 001 | RU\NLR\BIBL_A\012694673 | ||
| 005 | 20260405135639.0 | ||
| 010 | _a978-5-9925-0751-5 | ||
| 035 | _a(NLR Aleph) 012694673 | ||
| 090 |
_a12858487 _c12858487 |
||
| 100 | _a20220127d2021 |||y0rusy50 ca | ||
| 101 | 0 | _aeng | |
| 102 | _aRU | ||
| 105 | _ay j 000ay | ||
| 181 | 0 |
_ai _baxxe |
|
| 182 | 0 | _an | |
| 200 | 1 |
_aThe invisible man _aThe time machine _eкнига для чтения на английском языке _fHerbert George Wells _gкомментарии и словарь М. М. Солоницыной |
|
| 203 |
_aТекст _bвизуальный _cнепосредственный |
||
| 210 |
_aСанкт-Петербург _cКАРО _d2021 |
||
| 215 |
_a316, [2] с. _d17 |
||
| 225 | 1 |
_aEnglish _iClassical literature |
|
| 300 | _aВ вып. дан.: Человек-невидимка; Машина времени / Герберт Джордж Уэллс | ||
| 333 | _a12+ | ||
| 517 | 1 | _aЧеловек-невидимка | |
| 517 | 1 | _aМашина времени | |
| 606 | 1 |
_aАнглийский язык _jКниги для чтения _9972309 _3RU\NLR\AUTH\6646032 |
|
| 686 | 1 | _aШ143.21-93рус91 | |
| 700 | 1 |
_8eng _7ba _aWells _bH. G. _f1866-1946 _gHerbert George _3RU\NLR\AUTH\7756016 _938948 |
|
| 942 | _cBOOK | ||
| 980 | _aNB | ||